000
00318nam a2200133Ia 4500
008
230917s9999||||xx |||||||||||||| ||und||
040
_e
112360
_a
MAIN
041
_a
English
082
_a
320.50954 N292J
100
_a
Neelam
245
0
_a
Jaiprakash narayan: Ek vaicharik adhayayan
300
_a
99 p.
942
_c
TH
999
_c
124686
_d
124686